Score 0/30 Timer 05:00
5 Plays Today
Type Thing % Correct
OceanPacific
97.2%
ContinentAsia
96.4%
CountryRussia
94.6%
Land AnimalAfrican Elephant
94.3%
AnimalBlue Whale
93.4%
Planet In Our Solar SystemJupiter
93%
PrimateEastern Lowland Gorilla
87.8%
US StateAlaska
78.9%
MarsupialRed Kangaroo
73.5%
SnakeGreen Anaconda
65.3%
BirdOstrich
59.4%
Satellite of EarthThe Moon
58.2%
LizardKomodo Dragon
54.7%
FishWhale Shark
54.5%
WaterfallVictoria Falls
52.4%
Type Thing % Correct
ReptileSaltwater Crocodile
50.9%
IslandGreenland
49.6%
Bird of PreyAndean Condor
43.8%
Canadian ProvinceQuebec
37.7%
Historical EmpireBritish Empire
33.8%
Desert On EarthAntarctica
32.5%
TreeGiant Sequoia
31.4%
RodentCapybara
28.5%
LakeCaspian Sea
20.4%
InvertebrateColossal Squid
20.2%
Australian StateWestern Australia
18.7%
Moon In Our Solar SystemGanymede
12.9%
AirportDubai International
7%
Volcano On EarthMauna Loa
6.6%
Building (volume)Boeing Everett Factory
5%

You're not logged in!

Compare scores with friends on all Sporcle quizzes.
OR
Log In

Sporcle TV

Today on Sporcle TV


Watch our educational content, quiz creation guides, and fun videos on Sporcle TV.

Show Comments

Extras

Top Quizzes Today


Score Distribution

Paid Content

Your Account Isn't Verified!

In order to create a playlist on Sporcle, you need to verify the email address you used during registration. Go to your Sporcle Settings to finish the process.

Report this User

Report this user for behavior that violates our Community Guidelines.

Details: